| 000 | 00435nam a22001697a 4500 | ||
|---|---|---|---|
| 003 | OSt | ||
| 005 | 20140310182253.0 | ||
| 008 | 130916t xxu||||| |||| 00| 0 eng d | ||
| 020 | _a0439424712 | ||
| 050 |
_aPN 6151 _b.G855 |
||
| 082 |
_aFIC G87j _b1998 |
||
| 245 |
_aJust joking!. _cAndy Griffiths. |
||
| 260 |
_aNew York : _bScholastic, _c1997. |
||
| 300 |
_a137 p. : _bill. ; _c20 cm. |
||
| 942 |
_2lcc _cBK-FIC |
||
| 999 |
_c11401 _d11401 |
||